000 004870000a22001810004500
003 MACL
005 20150918120912.0
008 150918b xxu||||| |||| 00| 0 eng d
040 _aMACL
_cMACL
041 _aEnglish
082 _a824/SPA
100 _aCrane,
_910448
245 _aLanguage, and Society in Modern India
_bEssay in Honor of Professor Robert O. Swan
260 _bHeritage Publishers
_c1981
_aNew Delhi
350 _a1981
650 _aEssay
_98946
942 _cBK
_k824
_2ddc
999 _c5810
_d5810